Polluted land transformed into gold (Record no. 73928)
[ view plain ]
| 000 -LEADER | |
|---|---|
| fixed length control field | 00971cam a2200229 4500 |
| 001 - CONTROL NUMBER | |
| control field | ABS67324 |
| 008 - FIXED-LENGTH DATA ELEMENTS--GENERAL INFORMATION | |
| fixed length control field | 031205n2003 000 0 eng u |
| 035 ## - SYSTEM CONTROL NUMBER | |
| System control number | (Sirsi) u124568 |
| 100 ## - MAIN ENTRY--PERSONAL NAME | |
| Personal name | Oliver, A. |
| 245 ## - TITLE STATEMENT | |
| Title | Polluted land transformed into gold |
| 260 ## - PUBLICATION, DISTRIBUTION, ETC. | |
| Date of publication, distribution, etc. | 2003 |
| 490 ## - SERIES STATEMENT | |
| Series statement | Estates Gazette |
| Volume/sequential designation | 0347 22 November 2003, 146-148(3) |
| 520 ## - SUMMARY, ETC. | |
| Summary, etc. | Examines the financial implications of various methods for brownfield decontamination and subsequent development of the site. Discusses the 'silver lining' of brownfield development which is the Land Remediation Tax Relief which was introduced in the Finance Act 2001. Lists availability of the tax relief and entitlements. The relief is due for review in May 2006. |
| 590 ## - LOCAL NOTE (RLIN) | |
| Local note | ABS |
| 650 ## - SUBJECT ADDED ENTRY--TOPICAL TERM | |
| Topical term or geographic name entry element | LAND REMEDIATION TAX RELIEF |
| 650 ## - SUBJECT ADDED ENTRY--TOPICAL TERM | |
| Topical term or geographic name entry element | FINANCE ACT 2001 |
| 650 ## - SUBJECT ADDED ENTRY--TOPICAL TERM | |
| Topical term or geographic name entry element | CONTAMINATED LAND |
| 650 ## - SUBJECT ADDED ENTRY--TOPICAL TERM | |
| Topical term or geographic name entry element | BROWNFIELD DEVELOPMENT |
| 690 ## - LOCAL SUBJECT ADDED ENTRY--TOPICAL TERM (OCLC, RLIN) | |
| Topical term or geographic name as entry element | PROPERTY-PROPERTY DEVELOPMENT |
| 700 ## - ADDED ENTRY--PERSONAL NAME | |
| Personal name | Butlin, J. |
| 942 ## - ADDED ENTRY ELEMENTS (KOHA) | |
| Suppress in OPAC | 0 |
| Withdrawn status | Lost status | Source of classification or shelving scheme | Damaged status | Not for loan | Home library | Current library | Shelving location | Date acquired | Total Checkouts | Full call number | Barcode | Date last seen | Copy number | Price effective from | Koha item type |
|---|---|---|---|---|---|---|---|---|---|---|---|---|---|---|---|
| Dewey Decimal Classification | London | London | Journal article | 05/12/2003 | ABS67324 | 124568-1001 | 06/08/2019 | 1 | 06/08/2019 | Journal article |